The great gamble : (Record no. 589237)
[ view plain ]
| 000 -LEADER | |
|---|---|
| fixed length control field | 00574nam a22001937a 4500 |
| 003 - CONTROL NUMBER IDENTIFIER | |
| control field | NUST |
| 005 - DATE AND TIME OF LATEST TRANSACTION | |
| control field | 20220420100823.0 |
| 008 - FIXED-LENGTH DATA ELEMENTS--GENERAL INFORMATION | |
| fixed length control field | 150923b xxu||||| |||| 00| 0 eng d |
| 038 ## - RECORD CONTENT LICENSOR | |
| Staff Name | Muhammad Ibrahim |
| 040 ## - CATALOGING SOURCE | |
| Transcribing agency | LIBRARY |
| 082 ## - DEWEY DECIMAL CLASSIFICATION NUMBER | |
| Classification number | 958.1045 |
| Edition number | FEI 2009 |
| 100 ## - MAIN ENTRY--PERSONAL NAME | |
| Personal name | Feifer, Gregory |
| 9 (RLIN) | 91048 |
| 245 ## - TITLE STATEMENT | |
| Title | The great gamble : |
| Remainder of title | the Soviet war in Afghanistan |
| Statement of responsibility, etc. | Gregory Feifer |
| 260 ## - PUBLICATION, DISTRIBUTION, ETC. | |
| Date of publication, distribution, etc. | 2009 |
| Place of publication, distribution, etc. | Lahore |
| Name of publisher, distributor, etc. | Harper Perennial Reprint edition |
| 300 ## - PHYSICAL DESCRIPTION | |
| Extent | 326p. |
| 563 ## - BINDING INFORMATION | |
| Binding note | H.B |
| 650 ## - SUBJECT ADDED ENTRY--TOPICAL TERM | |
| Topical term or geographic name entry element | Soviet Occupation of Afghanistan (1979-1989) |
| 9 (RLIN) | 91049 |
| 942 ## - ADDED ENTRY ELEMENTS (KOHA) | |
| Source of classification or shelving scheme | |
| Koha item type | Book |
| Withdrawn status | Lost status | Source of classification or shelving scheme | Damaged status | Not for loan | Permanent Location | Current Location | Shelving location | Date acquired | Total Checkouts | Full call number | Barcode | Date last seen | Price effective from | Koha item type |
|---|---|---|---|---|---|---|---|---|---|---|---|---|---|---|
| Centre for International Peace & Stability (CIPS) | Centre for International Peace & Stability (CIPS) | General Stacks | 04/14/2022 | 958.1045 FEI 2009 | CIPSD0000685 | 04/20/2022 | 04/20/2022 | Book |
